[Event "Getxo op 3rd"]
[Site "Getxo"]
[Date "2018.09.08"]
[Round "1"]
[White "Ruiz Gomez, Alejandro"]
[Black "Cerezo Goikolea, Pedro Maria"]
[Result "1-0"]
[WhiteElo "2362"]
[BlackElo "1692"]
[PlyCount "43"]
[EventDate "2018.09.08"]
[EventType "swiss"]
[EventRounds "9"]
[EventCountry "ESP"]
[SourceTitle "EXT 2020"]
[Source "ChessBase"]
[SourceDate "2019.10.17"]
[SourceVersion "1"]
[SourceVersionDate "2019.10.17"]
[SourceQuality "1"]

1. e4 e6 2. d4 d5 3. e5 c5 4. c3 c4 5. b3 b5 6. a4 Bd7 7. axb5 Bxb5 8. Na3 Bxa3 9. Bxa3 Qc7 10. Qg4 g6 11. Nf3 Nd7 12. Qf4 Nb6 13. Ng5 h6 14. Nxe6 Qc8 15. Ng7+ Kd8 16. Qxf7 Qd7 17. Ne6+ Kc8 18. Qf8+ Qe8 19. Bc5 Nd7 20. Qxe8+ Kb7 21. Nd8+ Kc7 22. Bd6+ 1-0

[Event "Erandio op 21st"]
[Site "Erandio"]
[Date "2012.12.23"]
[Round "3"]
[White "Uria Ramirez, Aitor"]
[Black "Cerezo Goikolea, Pedro Maria"]
[Result "0-1"]
[WhiteElo "1966"]
[BlackElo "1688"]
[PlyCount "94"]
[EventDate "2012.12.22"]
[EventType "swiss"]
[EventRounds "9"]
[EventCountry "ESP"]
[SourceTitle "CBM 152 Extra"]
[Source "ChessBase"]
[SourceDate "2013.02.25"]
[SourceVersion "1"]
[SourceVersionDate "2013.02.25"]
[SourceQuality "1"]

1. e4 b6 2. d4 Bb7 3. Bd3 f5 4. exf5 Bxg2 5. Qh5+ g6 6. fxg6 Bg7 7. gxh7+ Kf8 8. hxg8Q+ Kxg8 9. Qg4 Bxh1 10. f3 Nc6 11. Be3 Rxh2 12. Nd2 e6 13. Bf2 Qf6 14. c3 Rf8 15. Nf1 Rg2 16. Qh5 Qh6 17. Qxh6 Bxh6 18. Ng3 Rh2 19. Nxh1 Rxh1 20. Ke2 Bg5 21. Bg3 Bf4 22. Kf2 Bxg3+ 23. Kxg3 Rf6 24. Rb1 Ne7 25. Kg2 Rfh6 26. Ne2 Rxb1 27. Bxb1 Nd5 28. Be4 Ne3+ 29. Kg3 d5 30. Bd3 Kg7 31. Bb5 Kf6 32. Bd3 a5 33. b3 Rh8 34. Kf2 Nd1+ 35. Kg2 Nb2 36. Bc2 c5 37. Kg3 e5 38. dxe5+ Kxe5 39. Kg2 Kd6 40. Kg1 b5 41. a3 a4 42. b4 Nc4 43. bxc5+ Kxc5 44. Nd4 Nxa3 45. Bd3 Nc4 46. Kg2 Re8 47. Ne2 Rxe2+ 0-1